| 000 | 00953cab a22002175a 4500 | ||
|---|---|---|---|
| 001 | L146596 | ||
| 008 | 090206e20090131xxkado f s 000 0 eng d | ||
| 035 | _a(Sirsi) u146596 | ||
| 041 | 0 | _aeng | |
| 100 | 1 | _aMorrison, Adrian | |
| 245 | 0 | 0 |
_aFocus _bBuckinghamshire |
| 260 | _c2009 | ||
| 490 |
_aEstates Gazette _v(0904) 31 January 2009, 99-107(8) |
||
| 520 | _aArticle provides insight and overview into regeneration, development and a range of sectors in the Buckinghamshire area. Features sections on problems faced by developers in Milton Keynes as a result of building listings, oversupply of office space in Aylesbury and agent figures for take-up of industrial units in the region. Includes tables and charts. | ||
| 590 | _aKA | ||
| 651 | 4 |
_aEngland and Wales _y1543- |
|
| 690 | _aPROPERTY-COMMERCIAL PROPERTY-COMMERCIAL PROPERTY MARKET | ||
| 690 | _aPROPERTY-PROPERTY MANAGEMENT-REGENERATION | ||
| 700 | 1 | _aClarkson, Melanie | |
| 942 | _n0 | ||
| 999 |
_c81194 _d81194 |
||